| 000 | 00449nam a2200169Ia 4500 | ||
|---|---|---|---|
| 008 | 221030s9999 xx 000 0 und d | ||
| 020 | _a0070682585 | ||
| 041 | _aEnglish | ||
| 082 | _a105.23 | ||
| 100 | _aM. R. Spiegel | ||
| 245 | 0 |
_aSchaum`s Vector Analysis & An Introduction to Tensor Analysis _cby M. R. Spiegel, S. Lipschutz |
|
| 260 |
_bTMH _aNew Delhi _c2010 |
||
| 300 | _a238 | ||
| 650 | _aPhysics | ||
| 700 | _aS. Lipschutz | ||
| 942 | _cBK | ||
| 999 |
_c9380 _d9380 |
||